Los hispanos en los Estados Unidos (Registro nro. 51399)
[ vista simple ]
| 000 -LÍDER | |
|---|---|
| Campo fijo de descripción fija | 00949aab a2200205 i 4500 |
| 001 - NÚMERO DE CONTROL | |
| Campo de control | 768714001 |
| 003 - IDENTIFICADOR DEL NÚMERO DE CONTROL | |
| Campo de control | CO-MdFUSB |
| 005 - FECHA Y HORA DE LA ULTIMA TRANSACCIÓN | |
| control field | 20240618062715.0 |
| 008 - ELEMENTOS DE LONGITUD FIJA -- INFORMACIÓN GENERAL | |
| Campo fijo de descripción fija -- Información general | 240416t1983 ag ||||| |||| 00| 0 spa d |
| 040 ## - FUENTE DE CATALOGACIÓN | |
| Idioma de catalogación | spa |
| Agencia que realiza la transcripción | CO-MdFUSB |
| 041 ## - CÓDIGO DE IDIOMA | |
| Código de idioma para texto/pista de sonido o título separado | spa |
| 100 1# - ASIENTO PRINCIPAL--NOMBRE PERSONAL | |
| Nombre personal | Costas, Orlando E. (1941-1987) |
| Término relacionador | autor |
| 245 #4 - TÍTULO | |
| Título | Los hispanos en los Estados Unidos |
| Mención de responsabilidad | / Orlando E. Costas |
| 300 ## - DESCRIPCIÓN FÍSICA | |
| Extensión | Volumen 2, número 3, (septiembre, 1983), páginas: 6 - 11 |
| Dimensiones | ; 27 cm |
| 520 ## - NOTA DE RESUMEN, ETC. | |
| Nota de sumario, etc. | Los evangélicos latinoamericanos en Estados Unidos deben cultivar una espiritualidad militante e invertir sus vidas, talentos y recursos para expandir su trabajo en todas las regiones y comunidades de habla hispana. "Porque el reino de Dios no está en palabras, sino en poder". |
| 650 #7 - ASIENTO SECUNDARIO DE MATERIA - TERMINO TEMÁTICO | |
| Término temático o nombre geográfico como elemento de entrada | Religión y cultura |
| 9 (RLIN) | 388 |
| 650 #0 - ASIENTO SECUNDARIO DE MATERIA - TERMINO TEMÁTICO | |
| Término temático o nombre geográfico como elemento de entrada | Misiones |
| 9 (RLIN) | 154 |
| 773 0# - ASIENTO DE ITEM FUENTE | |
| Título | Iglesia y Misión |
| Biblionumber | 49402 |
| Itemnumber | 59626 |
| Parte(s) relacionada(s) / Volumen., número. (mes año), páginas | Volumen 2, número 3, (septiembre, 1983), páginas: 6 - 11 |
| Enumeración y primera página | página: 6 |
| 942 ## - TIPO DE MATERIAL (KOHA) | |
| Tipo de Item KOHA | Artículos de Revista |
No hay ítems disponibles.
